00571nam a2200205Ia 450000500170000000800410001702000150005808200130007310000200008624500440010626000360015030000130018665000110019965000100021065000110022065000180023194200060024995200950025599900150035020240822033657.0240331s9999 xx 000 0 und d a9068327348 bGENa613 aKwaak, A.V.D .  0aGender and health bpolicy and practice aAmsterdambKIT publishersc2006 a184 p ., aGender aWomen aHealth aSexual Rights cL 001040708LaWERCLbWERCLcSSCd2024-03-31l0o 613 GENp5965r2024-03-31w2024-03-31yL c4448d4448